Balancing petroleum policy : toward value, sustainability, and security /

Bibliographic Details
Other Authors: Huurdeman, Alexander, (Editor), Rizikov, Anastasia, 1998- (Editor)
Format: eBook
Language:English
Published: Washington, District of Columbia : World Bank Group, [2019]
Subjects:
Online Access:Click to View
LEADER 01620nam a2200385 i 4500
001 EBC5773031
003 MiAaPQ
005 20200520144314.0
006 m o d |
007 cr cnu||||||||
008 190528s2019 dcu o 000 0 eng d
020 |z 9781464813849 
020 |a 9781464813856 (e-book) 
035 |a (MiAaPQ)EBC5773031 
035 |a (Au-PeEL)EBL5773031 
035 |a (OCoLC)1101430212 
040 |a MiAaPQ  |b eng  |e rda  |e pn  |c MiAaPQ  |d MiAaPQ 
050 4 |a TN870  |b .B353 2019 
082 0 |a 665.5  |2 23 
245 0 0 |a Balancing petroleum policy :  |b toward value, sustainability, and security /  |c Alexander Huurdeman and Anastasiya Rozhkova, editors. 
264 1 |a Washington, District of Columbia :  |b World Bank Group,  |c [2019] 
264 4 |c 2019 
300 |a 1 online resource (299 pages) 
336 |a text  |b txt  |2 rdacontent 
337 |a computer  |b c  |2 rdamedia 
338 |a online resource  |b cr  |2 rdacarrier 
588 |a Description based on print version record. 
590 |a Electronic reproduction. Ann Arbor, MI : ProQuest, 2018. Available via World Wide Web. Access may be limited to ProQuest affiliated libraries. 
650 0 |a Petroleum. 
655 4 |a Electronic books. 
700 1 |a Huurdeman, Alexander,  |e editor. 
700 1 |a Rizikov, Anastasia,  |d 1998-  |e editor. 
776 0 8 |i Print version:  |t Balancing petroleum policy : toward value, sustainability, and security.  |d Washington, District of Columbia : World Bank Group, c2019   |h 299 pages   |z 9781464813849 
797 2 |a ProQuest (Firm) 
856 4 0 |u https://ebookcentral.proquest.com/lib/matrademy/detail.action?docID=5773031  |z Click to View